anime i know - Statistics

General Stats
  • This quiz has been taken 87 times
  • The average score is 8 of 25
Answer Stats
Hint Answer % Correct
1 naruto
93%
9 one piece
89%
4 dragon ball
76%
17 bleach
70%
19 attack on titan
67%
18 death note
56%
15 demon slayer
50%
20 hunter x hunter
44%
3 boruto
34%
12 pokemon
33%
5 dragon ball z
27%
11 one punch man
24%
8 dragon ball super
23%
2 naruto shippuden
23%
6 dragon ball gt
20%
22 sailor moon
17%
14 mha
13%
13 digimon
11%
21 JoJo's Bizarre Adventure
9%
7 dragon ball kai
7%
25 My Neighbor Totoro
6%
24 ponyo
4%
23 avatar
3%
16 promised neverland
1%
10 two piece
0%
No matching quizzes found
Score Distribution
Percent of People with Each Score
Percentile by Number Answered
Your Score History
You have not taken this quiz